LEADER 02782nam 22005175 450 001 9911009267103321 005 20200424112023.0 010 $a9780520327986 010 $a0520327985 024 7 $a10.1525/9780520327986 035 $a(CKB)5280000000211996 035 $a(DE-B1597)544154 035 $a(OCoLC)1149402642 035 $a(DE-B1597)9780520327986 035 $a(MiAaPQ)EBC30495823 035 $a(Au-PeEL)EBL30495823 035 $a(OCoLC)1376931948 035 $a(Perlego)3905487 035 $a(EXLCZ)995280000000211996 100 $a20200424h19841984 fg 101 0 $aeng 135 $aur||||||||||| 181 $ctxt$2rdacontent 182 $cc$2rdamedia 183 $acr$2rdacarrier 200 14$aThe Suburban Squeeze $eLand Conversion and Regulation in the San Francisco Bay Area /$fDavid E. Dowall 205 $aReprint 2019 210 1$aBerkeley, CA : $cUniversity of California Press, $d[1984] 210 4$dİ1984 215 $a1 online resource (266 p.) 225 0 $aCalifornia Series in Urban Development 311 08$a9780520327979 311 08$a0520327977 327 $tFrontmatter -- $tContents -- $tTables, Figures, and Maps -- $tAcknowledgments -- $tCHAPTER ONE: The Local Land Use Planning Dilemma -- $tCHAPTER TWO: San Francisco's Suburban Slowdown -- $tCHAPTER THREE: Profile of Growth and Land Conversion in Six Bay Area Cities -- $tCHAPTER FOUR: Responding to Growth: Local Land Use Controls in Six Bay Area Cities -- $tCHAPTER FIVE: The Direct Effects of Land Use Regulations on New Housing Costs -- $tCHAPTER SIX: More Subtle Effects: Market Readjustments and Spillovers -- $tCHAPTER SEVEN: Are the Same Land Use Constraints Showing Up in Other Metropolitan Areas? -- $tCHAPTER EIGHT: Living with the Suburban Squeeze -- $tAPPENDIX A: Survey of Local Planning Departments -- $tAPPENDIX B: Choosing the Case Study Community Pairs -- $tNotes -- $tIndex 330 $aThis title is part of UC Press's Voices Revived program, which commemorates University of California Press's mission to seek out and cultivate the brightest minds and give them voice, reach, and impact. Drawing on a backlist dating to 1893, Voices Revived makes high-quality, peer-reviewed scholarship accessible once again using print-on-demand technology. This title was originally published in 1984. 410 0$aCalifornia Series in Urban Development Series 606 $aARCHITECTURE / History / General$2bisacsh 615 7$aARCHITECTURE / History / General. 676 $a333.77/09794/6 700 $aDowall$b David E., $4aut$4http://id.loc.gov/vocabulary/relators/aut$01827141 801 0$bDE-B1597 801 1$bDE-B1597 906 $aBOOK 912 $a9911009267103321 996 $aThe Suburban Squeeze$94395245 997 $aUNINA